00943nam a22002057a 4500003000500000005001700005008004100022020001400063050002600077100001900103245006500122250001300187260004600200300004200246520027100288700002000559942001200579999001900591952012700610SISC20160728093232.0160725b xxu||||| |||| 00| 0 eng d a978098028 aTK 5105.888 Ol52 2008 aOlsson, Tommy  aThe ultimate CSS reference / cTommy Olsson & Paul O'Brien.  a1st ed.  aCollingwood, Vic. :bSitepoint, cc2008.  axiv, 420 p. : bcol. ill. ; c24 cm.  aA first reference book will be simultaneously released online and in print in order to get publicity, user buy-in, and interaction. A well thought out presentation and organization of the book will ensure that the information is as quick to access, and easy to scan. aO'Brien, Paul.  2lcccBK c298043d298043 00102lcc40aLUXbLUXcTRd2016-07-25eLibrary Fundl0oTK 5105.888 Ol52 2008p20298r2016-08-26 00:00:00w2016-07-25yBK